000 00772nas a2200265 4500
001 BR2010003380
003 BR-BrBNA
005 20231205114140.0
007 ta
008 230509b bl.|||p| |||| 00| 00por d
040 _aBR-BrBNA
_bpor
_cBiblioteca Nacional de Agricultura
041 _a(Pt)
072 _aK50; F60
100 1 _aCarneiro, M.E.
100 1 _aBittencourt, E.
100 1 _aMuniz, G.I.B. de
245 1 _aQualidade da madeira de Cryptomeria japonica D. Don
650 _aMADEIRA
650 _aPRODUÇÃO FLORESTAL
650 _aÁRVORE CONÍFERA
650 _aQUALIDADE
773 0 _tFloresta (Brazil)
_xISSN 0015-3826
_g(Oct-Dec 2009), v. 39(4) p. 913-920
_wBR2010003380
909 _a202311
_bLúcia
_c55
_dLúcia Elande
942 _2AGRIS
_n0
_cANA
999 _c207299
_d207299